Páginas salvadas /

保存先:
書誌詳細
第一著者: Centeno, José M.
フォーマット: 不明
言語:Spanish
主題:
タグ: タグ追加
タグなし, このレコードへの初めてのタグを付けませんか!

MARC

LEADER 000000000a22000000004500
001 002344
041 0 |a spa 
100 1 |a Centeno, José M. 
245 1 0 |a Páginas salvadas /   |c José M. Centeno. 
650 4 |a REFUTACION DE LAS AFIRMACIONES DEL PRESIDENTE TALF 
650 4 |a ZELAYA, JOSE SANTOS 
650 4 |a POLITICA NICARAGÜENSE 
650 4 |a ZOMOSA 
650 4 |a DARIO, RUBEN, SEUDONIMO, 1867-1916 
650 4 |a HISTORIA NICARAGÜENSE 
773 0 |d La Habana, Cuba :   |d Casa de las Américas  |t Casa de las Américas  |g volumen 15, número 88, páginas 102-103 
942 |c ARC 
999 |c 9864  |d 9864